Rappers by Album - Statistics

General Stats
  • This quiz has been taken 92 times
  • The average score is 9 of 11
Answer Stats
Hint Answer % Correct
The Slim Shady LP Eminem
100%
DAMN. Kendrick Lamar
97%
All Eyez on Me 2Pac
90%
Get Rich or Die Tryin' 50 Cent
90%
Doggystyle Snoop Dogg
88%
2014 Forest Hills Drive J. Cole
86%
Ready to Die The Notorious B.I.G.
78%
Illmatic Nas
75%
2001 Dr. Dre
72%
Reasonable Doubt JAY-Z
58%
Confessions of a Dangerous Mind Logic
25%
No matching quizzes found
Score Distribution
Percent of People with Each Score
Percentile by Number Answered
Your Score History
You have not taken this quiz